<?xml version="1.0" encoding="UTF-8"?>
<collection xmlns="http://www.loc.gov/MARC21/slim">
 <record>
  <leader>00440pamaa2200169   4500</leader>
  <controlfield tag="001">0000014463</controlfield>
  <controlfield tag="005">20090916090000.0</controlfield>
  <datafield tag="020" ind1="0" ind2="0">
   <subfield code="a">0521484855 </subfield>
  </datafield>
  <datafield tag="082" ind1=" " ind2=" ">
   <subfield code="a">519.5 LIN</subfield>
  </datafield>
  <datafield tag="090" ind1="0" ind2="0">
   <subfield code="a">QA276.25 </subfield>
   <subfield code="b">LIN 1995</subfield>
  </datafield>
  <datafield tag="100" ind1="1" ind2="0">
   <subfield code="a">Lindley </subfield>
  </datafield>
  <datafield tag="245" ind1="1" ind2="0">
   <subfield code="a">New Cambridge statistical tables  </subfield>
   <subfield code="c">D.V. Lindley and W.F. Scott.</subfield>
  </datafield>
  <datafield tag="250" ind1="0" ind2="0">
   <subfield code="a">2nd ed.</subfield>
  </datafield>
  <datafield tag="260" ind1="0" ind2="0">
   <subfield code="a">Cambridge: </subfield>
   <subfield code="b">C.U.P., </subfield>
   <subfield code="c">1995.</subfield>
  </datafield>
  <datafield tag="300" ind1=" " ind2=" ">
   <subfield code="a">96p.: </subfield>
   <subfield code="b">28cm.</subfield>
  </datafield>
  <datafield tag="650" ind1="0" ind2="0">
   <subfield code="a">Statistical tables </subfield>
  </datafield>
  <datafield tag="700" ind1="1" ind2="1">
   <subfield code="a">Scott, </subfield>
   <subfield code="h">W.F. </subfield>
  </datafield>
 </record>
</collection>
